Desde que estamos juntos- Melendi - Estadísticas

Estadísticas generales
  • Esta prueba ha sido intentada 56 veces
  • La puntuación promedio es 245 de 342
Estadísticas de respuestas
Letra % Correcto
de
100%
De
100%
desde
100%
que
97%
Que
97%
a
93%
por
93%
Tu
93%
93%
93%
tu
93%
la
90%
90%
mi
90%
Verso Mi
90%
un
90%
Estribillo Y
90%
y
90%
con
86%
En
86%
en
86%
Me
86%
me
86%
Verso Yo
86%
yo
86%
amor
83%
dijiste
83%
le
83%
Le
83%
No
83%
no
83%
te
83%
Te
83%
así
79%
el
79%
fue
79%
iba
79%
se
79%
tal
79%
clarito
76%
cosa
76%
cuando
76%
dejaste
76%
del
76%
dije
76%
Habana
76%
invito
76%
mirada
76%
mojito
76%
niña
76%
repente
76%
antes
72%
cambiaste
72%
entonces
72%
eres
72%
galante
72%
intercediera
72%
más
72%
Romeo
72%
semblante
72%
ven
72%
ver
72%
virgen
72%
adiós
69%
años
69%
balcón
69%
barra
69%
caridad
69%
empezaste
69%
habanero
69%
han
69%
hay
69%
ladra
69%
muerde
69%
nada
69%
pedí
69%
siempre
69%
sonaba
69%
vestido
69%
vieja
69%
ya
69%
corazón
66%
diez
66%
estaba
66%
Mientras
66%
pasado
66%
pobre
66%
Porque
66%
dos
62%
extraños
62%
Fuimos
62%
los
62%
perro
62%
Rodríguez
62%
Silvio
62%
sólo
62%
solo
62%
tan
62%
huesos
59%
llegó
59%
turno
59%
fuerte
55%
latió
55%
Tus
55%
tus
55%
azul
52%
contigo
52%
Dejó
52%
hice
52%
malecón
52%
mis
52%
quedó
52%
sonar
52%
una
52%
unicornio
52%
cruz
48%
lomos
48%
perdí
48%
perdiste
48%
señal
48%
somos
48%
bajo
45%
cero
45%
cinco
45%
manos
45%
otra
45%
pinga
45%
ropa
45%
todas
45%
chocolate
41%
elección
41%
estorbando
41%
iguales
41%
labios
41%
muero
41%
pecar
41%
propio
41%
sigue
41%
temblar
41%
atril
38%
beca
38%
comenzaron
38%
ilegales
38%
licencié
38%
loco
38%
piel
38%
tengo
38%
volví
38%
acalorar
34%
arte
34%
bailamos
34%
cielo
34%
pecas
34%
eras
34%
fin
34%
invitaron
34%
libras
34%
Luego
34%
piernas
34%
prometí
34%
remate
34%
volviste
34%
boca
31%
buscarte
31%
cien
31%
hiciste
31%
pisarte
31%
arrodillarme
28%
perdón
28%
ando
24%
quitando
24%
sombrero
24%
Como
17%
dulce
17%
melocotón
17%
ardiente
14%
enero
14%
flor
14%
ron
10%
No se encontraron pruebas coincidentes
Distribución de puntuación
Porcentaje de gente con cada puntuación
Porcentaje por número respondido
Historial de tus puntuaciones
No has intentado esta prueba.